• 首页
  • 本馆介绍
  • 公告通知
  • 最新文献
  • 馆藏检索
  • 电子资源
  • 读者导购
  • 参考咨询
  • 我的图书馆
  • 登录
  • 详细信息显示
  • 放入我的书架
  • 预约/预借图书
  • 作者相关作品
  • 分类相关作品
  • 丛书相关作品
  • 出版社相关作品

书目信息

  • 表格格式
  • 工作单格式
  • 卡片格式
题名:
网络布线实用大全
    
 
作者: Cheis Claek 著 ;姚德启 , 马震晗 译
分册:  
出版信息: 北京   清华大学出版社  2003.01
页数: 506页
开本: 23cm
丛书名:
单 册:
中图分类: TP393.03
科图分类:
主题词: 计算机应用
电子资源:
ISBN: 7-302-06129-7
000 00680nam0 2200217 450
001 0333124244
005 20031224091204.02
010    @a7-302-06129-7@dCNY59.00
100    @a20031224d2003 km y0chiy0120 ea
101 0  @achi
102    @aCN@b110000
200 1  @a网络布线实用大全@Awang luo bu xian shi yong da quan@f(美)Cheis Claek著@F(mei)Cheis Claek zhu@g姚德启,马震晗译@Gyao de qi,ma zhen han yi
210    @a北京@c清华大学出版社@d2003.01
215    @a506页@d23cm
606 0  @a计算机应用
690    @aTP393.03@v4
701  0 @aCheis Claek@4著
702  0 @a姚德启@Ayao de qi@4译
702  0 @a马震晗@Ama zhen han@4译
801  0 @aCN@bPFT@c20031224
905    @aBZT@dTP393.03@e1@f3
    
    网络布线实用大全/(美)Cheis Claek著/姚德启,马震晗译.-北京:清华大学出版社,2003.01
    506页;23cm
    
    
    ISBN 7-302-06129-7:CNY59.00
    
●
相关链接 在五车中查询图书 在当当中查询图书 在豆瓣中查询图书


正题名:网络布线实用大全     索取号:TP393.03/1         预约/预借

序号 登录号 条形码 馆藏地/架位号 状态 备注
1 0349924   201335395   样本书库/样007架A面5层2列/ [索取号:TP393.03/1] 在馆    
2 0349925   201335368   中心书库中库/ 中库026架B面7列5层26/ [索取号:TP393.03/1] 在馆    
山东省滨州职业学院图书馆 欢迎您!
大连网信软件有限公司© 版权所有